000 00702nam a2200289Ia 4500
005 20260324122728.0
008 008 260324s9999 xx 000 0 eng d
020 _a9780203115800
037 _aEBOOK
040 _aCRL
040 _beng
040 _cCRL
041 _2eng
041 _aeng
084 _qCRL
100 _aPaolo Urio
_91074036
245 0 _aChina, the West and the Myth of New Public Management
245 0 _bNeoliberalism and its Discontents
260 _bTaylor and Francis
260 _c2012
365 _a
365 _b150
856 _uhttp://www.taylorfrancis.com/books/9780203115800
942 _cEBOOK
999 _c1760543
_d1760543